000
00265nam a2200109Ia 4500
008
200302s9999 xx 000 0 und d
100
_a
William Zuk & Other
245
_a
Kinetic Architecture
260
_b
Van Nostrand Renhold Company
260
_c
1970
300
_a
163 P.,
999
_c
22
_d
22